Economía para juristas / (Record no. 118470)

MARC details
000 -LEADER
campo de control de longitud fija 00538nam a2200169 4500
001 - NÚMERO DE CONTROL
campo de control 118470
003 - IDENTIFICADOR DE NÚMERO DE CONTROL
campo de control ES-MaACL
005 - FECHA Y HORA DE LA ÚLTIMA TRANSACCIÓN
campo de control 20230906191115.0
007 - CAMPO FIJO DE DESCRIPCIÓN FÍSICA--INFORMACIÓN GENERAL
campo de control de longitud fija t|
008 - DATOS DE LONGITUD FIJA--INFORMACIÓN GENERAL
campo de control de longitud fija 070214s1971 sp r ||||1| spa d
100 1# - ENTRADA PRINCIPAL--NOMBRE DE PERSONA
Nombre de persona Pérez de Armiñán, Gonzalo.
9 (RLIN) 90758
245 10 - MENCIÓN DEL TÍTULO
Título Economía para juristas /
Mención de responsabilidad, etc. Gonzalo Pérez de Armiñán.
260 ## - PUBLICACIÓN, DISTRIBUCIÓN, ETC.
Lugar de publicación, distribución, etc. Madrid :
Nombre del editor, distribuidor, etc. Colegio Universitario de San Pablo,
Fecha de publicación, distribución, etc. 1971.
300 ## - DESCRIPCIÓN FÍSICA
Extensión XV, 480 p. :
Otras características físicas il ;
Dimensiones 24 cm.
710 2# - ENTRADA AGREGADA--NOMBRE DE ENTIDAD CORPORATIVA
Nombre de entidad corporativa o nombre de jurisdicción como elemento de entrada Colegio Universitario de San Pablo.
9 (RLIN) 2993
852 ## - LOCALIZACIÓN
Ubicación ES-MaACL
Número de control de estantería C-40979
Sublocalización o colección R.80295
Holdings
Estatus retirado Estado de pérdida Estado de daño No para préstamo Biblioteca de origen Biblioteca actual Ubicación en estantería Fecha de adquisición Fuente de adquisición Total de préstamos Signatura topográfica completa Código de barras Visto por última vez Precio de reemplazo Tipo de ítem Koha
        Biblioteca del Ateneo de Madrid Biblioteca del Ateneo de Madrid Depósito 2 17/01/2008     C-40979 1123504 23/02/2023 23/02/2023 Libro impreso